Juventud del 98

Salvato in:
Dettagli Bibliografici
Autore principale: Blanco Aguinaga, Carlos (Autore)
Natura: Libro
Lingua:spagnolo
Pubblicazione: Madrid Siglo Veintiuno 1970
Soggetti:
Tags: Aggiungi Tag
Nessun Tag, puoi essere il primo ad aggiungerne!!

MARC

LEADER 00000nam a2200000 a 4500
001 UCZ1553
003 CL-VaPUC
005 20220427074625.0
008 950824e19700000SP |||||||||||||||||spa|d
999 |c 238289  |d 238287 
040 |c Pontificia Universidad Católica de Valparaíso 
082 0 4 |a 860.9  |b BLA  |2 21 
100 0 |a Blanco Aguinaga, Carlos  |e author  |9 345123 
245 1 0 |a Juventud del 98 
260 |a Madrid  |b Siglo Veintiuno  |c 1970 
300 |a 327 p 
583 |a last modification  |c 19950824 00:00:00  |k Rodrigo Vera 
600 0 7 |a UNAMUNO, MIGUEL DE  |2 CL-VaPUC  |9 312478 
600 0 7 |a Maeztu, Ramiro de,  |d 1875-1936  |9 861918 
600 0 7 |a BAROJA, PIO  |2 CL-VaPUC  |9 322211 
600 0 |a Azorín,  |d 1873-1967  |q Martínez Ruiz, José   |9 353525 
650 0 |a Literatura española  |9 306261 
650 0 |a Crítica e interpretación   |9 255042 
650 7 |a GENERACION DEL 98  |2 CL-VaPUC  |9 335582 
651 0 |a España  |9 254926 
942 |c BK  |2 ddc 
945 |d 19950824 00:00:00  |a rbrito 
952 |0 0  |1 0  |4 0  |6 860_900000000000000_BLA_1970  |7 0  |8 A  |9 248349  |a BIBEDU  |b BIBEDU  |d 2019-11-18  |i 310625K  |o 860.9 BLA 1970  |p 310625K  |r 2019-11-18  |w 2019-11-18  |y BK  |k LIT